An analysis of the silk industry

Uloženo v:
Podrobná bibliografie
Hlavní autor: Padgett, Rose
Médium: Kniha
Jazyk:Undetermined
Vydáno: London University Microfilms International 1955
Témata:
Tagy: Přidat tag
Žádné tagy, Buďte první, kdo otaguje tento záznam!
Thư viện lưu trữ: Trung tâm Học liệu Trường Đại học Cần Thơ
LEADER 00487nam a2200181Ia 4500
001 CTU_96361
008 210402s9999 xx 000 0 und d
082 |a 338.4 
082 |b P123 
100 |a Padgett, Rose 
245 3 |a An analysis of the silk industry 
245 0 |c Rose Padgett 
260 |a London 
260 |b University Microfilms International 
260 |c 1955 
650 |a Silk industry 
904 |i Tuyến 
980 |a Trung tâm Học liệu Trường Đại học Cần Thơ